00599nam a2200193Ia 4500008004100000020001800041082001900059100001800078245002400096250000800120260004100128300002300169500001900192600002000211650001500231942000700246952013500253999001700388240925s9999 xx 000 0 und d a9780170102803 a650.015195 DIC aDickman, Greg 0aBusiness Statistics a2nd aAustralia:bCENGAGE Learningc,2001. a877p.b0fOriginal aIncludes Index aSocial Sciences aManagement cBK 001040708SSaUITUbUITUd2018-11-23eShahid Book Centerg625.00l0o650.015195 DICpQ11974r2024-09-25 07:16:16w2024-09-25yBK c14473d14473